| 000 | 01545nam a2200349 a 4500 | ||
|---|---|---|---|
| 001 | 000002069 | ||
| 003 | DO-SdBNP | ||
| 005 | 20170925114500.0 | ||
| 007 | 000002069 | ||
| 008 | 090630s2006 dr ac b 000 0 spa d | ||
| 020 | _a9993425664 | ||
| 040 |
_aBPMSU _bspa _cBPMSU |
||
| 082 | 4 |
_a720.284028553 _bV748d |
|
| 092 | _a | ||
| 100 | 1 | _aVilleta Molineaux, Jesús | |
| 245 | 1 | 0 |
_aDesarrollo de proyectos usando CAD / _cJesús Villeta Molineaux. |
| 260 |
_aSanto Domingo : _bINTEC, _c2006. |
||
| 300 |
_a294 p. : _bil, retr ; _c30 cm. |
||
| 500 | _aIncluye índice | ||
| 504 | _aBibliografía: p. 293-294 | ||
| 505 | 0 |
_aGráficos digitales, historia e integración al proyecto -- _tCAD, diseño asistido por computador -- _tComponentes del computador -- _tComandos básicos -- _tDibujos manuales, almacenamiento y presentación -- _tDibujo básico con puntos, líneas rectas y curvas -- _tOpciones de consulta; distancias, áreas, perímetros, volúmenes y rumbos -- _tHerramientas de precisión y selección de objetos -- _tEdición y modificación de objetos -- _tOrganización de proyectos -- _tBibliografía. |
|
| 650 | 4 | _aDISEÑO CON AYUDA DE COMPUTADOR | |
| 650 | 4 |
_aARQUITECTURA _xPROGRAMAS PARA COMPUTADOR |
|
| 650 | 4 | _aPRODUCCIÓN INTEGRADA POR COMPUTADOR | |
| 650 | 4 | _aDISEÑO ARQUITECTÓNICO | |
| 650 | 4 | _aCAD/CAM (SISTEMAS) | |
| 710 | 2 | _aInstituto Tecnológico de Santo Domingo | |
| 910 | _aJornada de catalogación | ||
| 942 |
_2ddc _cBK |
||
| 945 | _aInventariado / 2017 VM | ||
| 956 |
_aVMAEO _b10 _c20150806 _lBPMSU _h00151 |
||
| 999 |
_c8110 _d8110 |
||